00487nam a22001337a 4500008004100000020001800041050002500059100005200084245009700136260004900233300002200282500001600304650003300320180815s2016 m a|||| |||| 00| 0 spa d a9786077444022 aHF5686.C7 bA48 2016 aAguilar Lámbarry, Hanni Angélicae , autor. aContabilidad de sociedadesb : teoría y prácticac / Hanni Angélica Aguilar Lámbarry aMéxicob : Grupo Editorial Patriac , 2016 axv, 376 páginas aIncluye; cd 0aCORPORACIONES - CONTABILIDAD